Statistics for England Quiz

Click here to take the quiz!

General Stats

  • This quiz has been taken 112 times
  • The average score is 12 of 16

Answer Stats

HintAnswer% Correct
Official Language of England?English
100%
Capital of England?London
99%
Currency of England?Pound sterling
99%
England is bordered by which two countries?Wales
98%
Colour of the cross on the English flag?Red
98%
Scotland
97%
Longest river entirely in England?River Thames
91%
Home of the British monarch?Buckingham Palace
91%
2012
90%
National Anthem used in many events?God Save The Queen
83%
Which year did the England football team win the World Cup?1966
77%
1948
47%
What years have the Olympic Games been held in England/London?1908
45%
Largest lake in England?Windermere
30%
When is St George's day celebrated?23rd April
29%
Highest mountain in England?Scafell Pike
23%

Score Distribution

Percentile by Number Answered

Percent of People with Each Score

Your Score History

You have not taken this quiz